000 00943nam a2200253 a 4500
001 BRCA_6463
005 20190320205450.0
008 021210s1930----nyua######---#000-0#eng-#
041 _aeng
044 _anyu
050 4 _aNB25.N8
_b.H57 2 1930
100 1 _aGilman, Beatrice Irene
_913581
245 1 0 _aCatalogue of sculpture (sixteenth to eighteenth centuries)
_bin the collection of the Hispanic Society of America
_ccompiled by Beatrice I. Gilman.
260 _aNueva York
_bThe Hispanic Society of America
_c1930
300 _a360 p. (v.1)
_bil., 142 láminas
_c19 cm.
440 0 _aHispanic notes & monographs: essays, studies, and brief biographies issued by the Hispanic Society of America
_97657
500 _aIncluye índice alfabético
500 _aVer también M7
500 _aM63
650 1 4 _aEscultura
_xColeccionistas y colecciones
_913582
650 1 4 _aEscultura
_xCatálogos
_913583
902 _aGFM
942 _2lcc
_cB
999 _c6147
_d6147